[Event "26th EUR-ch"]
[Site "Katowice POL"]
[Date "2026.04.08"]
[Round "2.208"]
[White "Pasti, Zsombor"]
[Black "Karpov, Vladyslav"]
[Result "1-0"]
[WhiteElo "2180"]
[BlackElo "1828"]
[EventDate "2026.04.07"]
[PlyCount "111"]

1.e4 c5 2.Nf3 d6 3.d4 cxd4 4.Nxd4 Nf6 5.Nc3 g6 6.Be3 Bg7 7.f3 a6 8.Bc4 b5 
9.Bb3 Bb7 10.Qd2 h5 11.O-O Nbd7 12.a4 b4 13.Nd5 Nxd5 14.Bxd5 Bxd5 15.exd5 
a5 16.Nc6 Qc7 17.Bd4 Bxd4+ 18.Qxd4 Qb6 19.Qxb6 Nxb6 20.Rfe1 Nxd5 21.Rad1 
Rc8 22.Rxd5 Rxc6 23.Rxa5 O-O 24.Rb5 Rxc2 25.Rxb4 e6 26.a5 Ra8 27.Ra1 Rc6 
28.Rb7 d5 29.b4 Rca6 30.Rc1 Kg7 31.Rcc7 Kf6 32.Rxf7+ Ke5 33.Rfc7 Kd4 34.
Kf2 Kd3 35.Rc1 Kd2 36.Ra1 d4 37.Rd7 Kc3 38.Rc1+ Kd2 39.Rc5 d3 40.Rc4 R8a7 
41.Rxa7 Rxa7 42.Rc6 e5 43.a6 e4 44.fxe4 Rf7+ 45.Kg3 Ke3 46.Rd6 g5 47.h3 
Kxe4 48.b5 Ra7 49.Kf2 Rf7+ 50.Ke1 Rc7 51.b6 Rc1+ 52.Kd2 Rc2+ 53.Kd1 Rxg2 
54.b7 Rg1+ 55.Kd2 Rb1 56.a7 1-0

[Event "26th EUR-ch"]
[Site "Katowice POL"]
[Date "2026.04.08"]
[Round "2.209"]
[White "Wesolowski, Jeremi"]
[Black "Petrovic, Aleksa"]
[Result "0-1"]
[WhiteElo "1828"]
[BlackElo "2178"]
[EventDate "2026.04.07"]
[PlyCount "128"]

1.e4 g6 2.d4 Bg7 3.Be3 c6 4.Qd2 d5 5.e5 f6 6.f4 Nh6 7.Nf3 Bg4 8.Be2 Nf5 9.
Bf2 fxe5 10.dxe5 Bh6 11.Ng1 Bxe2 12.Nxe2 e6 13.g4 Ne7 14.Na3 b5 15.c3 Qc8 
16.Nc2 Nd7 17.Be3 Bg7 18.Ncd4 Nb6 19.b3 Qd7 20.Qd3 h5 21.gxh5 Rxh5 22.h4 
Nf5 23.Nxf5 gxf5 24.Bc5 Bf8 25.Bxf8 Kxf8 26.Qg3 Ke7 27.Nd4 Rah8 28.Qg7+ 
Ke8 29.Qg6+ Qf7 30.Qxe6+ Qxe6 31.Nxe6 Rxh4 32.Rf1 Rh2 33.Ng7+ Kd7 34.Nxf5 
Rb2 35.Ng3 Rh3 36.Ne2 d4 37.Rd1 d3 38.Rd2 Rxd2 39.Kxd2 dxe2 40.Kxe2 Nd5 
41.c4 Nc3+ 42.Kd2 Ne4+ 43.Kc2 Ke6 44.Rg1 Rh2+ 45.Kd3 Kf5 46.cxb5 cxb5 47.
Rg8 Nc5+ 48.Kc3 a5 49.Rb8 Rh3+ 50.Kd4 Ne6+ 51.Kd5 Rh2 52.Kc6 b4 53.Ra8 
Rxa2 54.Kb6 a4 55.bxa4 b3 56.Kc6 b2 57.Rb8 Nxf4 58.Kd6 Ke4 59.e6 Nxe6 60.
Kxe6 Kd3 61.Kd5 Kc2 62.Rc8+ Kb1 63.Kc4 Ka1 64.Rb8 Rxa4+ 0-1

[Event "26th EUR-ch"]
[Site "Katowice POL"]
[Date "2026.04.08"]
[Round "2.210"]
[White "Kondys, Piotr"]
[Black "Rudowski, Szymon"]
[Result "1-0"]
[WhiteElo "2178"]
[BlackElo "1809"]
[EventDate "2026.04.07"]
[PlyCount "119"]

1.e4 e5 2.Nf3 Nc6 3.Bb5 a6 4.Ba4 Nf6 5.O-O Be7 6.Re1 b5 7.Bb3 d6 8.c3 O-O 
9.h3 Nb8 10.d4 Nbd7 11.Nbd2 Bb7 12.a3 c5 13.Bc2 Qc7 14.d5 c4 15.Nf1 Nc5 
16.g4 Rad8 17.Ng3 g6 18.Bh6 Rfe8 19.Qd2 Bc8 20.Rad1 Nfd7 21.Kh1 Nf8 22.Rg1
Bf6 23.Nh2 Qe7 24.Rde1 Bg7 25.Be3 Nfd7 26.Rg2 f6 27.h4 Kf7 28.Bh6 Rg8 29.
Reg1 Qf8 30.Be3 Nb6 31.Rf1 Nba4 32.Bb1 Nd3 33.Bxd3 cxd3 34.b3 Nc5 35.Bxc5 
dxc5 36.Qxd3 Bh6 37.Ne2 Qd6 38.Rgg1 Rgf8 39.c4 Bd7 40.f3 Rb8 41.Rb1 Rb6 
42.Rgd1 Rfb8 43.Nc3 Bf4 44.Nf1 h5 45.gxh5 Rh8 46.hxg6+ Kxg6 47.Ne2 Rxh4+ 
48.Kg2 Bg5 49.Nfg3 Bh3+ 50.Kf2 Rh7 51.Rh1 Bc8 52.Rxh7 Kxh7 53.Rh1+ Kg8 54.
f4 exf4 55.e5 fxg3+ 56.Kg2 fxe5 57.Qh7+ Kf8 58.Qh8+ Kf7 59.Rh7+ Kg6 60.
Rg7+ 1-0

[Event "26th EUR-ch"]
[Site "Katowice POL"]
[Date "2026.04.08"]
[Round "2.211"]
[White "Was, Stanislaw"]
[Black "Bachor, Tomasz"]
[Result "0-1"]
[WhiteElo "1806"]
[BlackElo "2178"]
[EventDate "2026.04.07"]
[PlyCount "92"]

1.e4 c5 2.Nf3 Nc6 3.b4 Nxb4 4.c3 Nc6 5.d4 cxd4 6.cxd4 e6 7.Bd3 d5 8.O-O 
dxe4 9.Bxe4 Nf6 10.Bc2 Be7 11.Na3 Qa5 12.Qd3 Bd7 13.Nc4 Qa6 14.a3 Rc8 15.
Nfd2 Na5 16.Nxa5 Qxa5 17.Rb1 Qc3 18.Qxc3 Rxc3 19.Bb3 O-O 20.Nf3 Rd8 21.Bd2
Rcc8 22.Be3 Bc6 23.Ne5 Be4 24.Rbc1 Bxa3 25.Ra1 Bb2 26.Rxa7 Bxd4 27.Bxd4 
Rxd4 28.f3 Bd5 29.Bxd5 Rxd5 30.Ng4 Nxg4 31.fxg4 Rb8 32.Rc1 Rd7 33.Kf2 Kf8 
34.Ke3 Ke7 35.g5 h6 36.gxh6 gxh6 37.Ra4 Rg8 38.g3 Rg5 39.Rb4 Re5+ 40.Kf3 
b5 41.Rcb1 Rf5+ 42.Ke3 Rdd5 43.g4 Rfe5+ 44.Kf3 Rc5 45.h4 Rc3+ 46.Kf2 Rc4 
0-1

[Event "26th EUR-ch"]
[Site "Katowice POL"]
[Date "2026.04.08"]
[Round "2.212"]
[White "Sliwicki, Damian"]
[Black "Biela, Jan"]
[Result "1-0"]
[WhiteElo "2176"]
[BlackElo "1805"]
[EventDate "2026.04.07"]
[PlyCount "111"]

1.e4 e5 2.Nc3 Nf6 3.f4 d5 4.fxe5 Nxe4 5.Qf3 Nxc3 6.dxc3 Qh4+ 7.g3 Qe4+ 8.
Qxe4 dxe4 9.Bf4 Bf5 10.O-O-O Nd7 11.Bh3 Bxh3 12.Nxh3 h6 13.e6 fxe6 14.Bxc7
Rc8 15.Bd6 Rc6 16.Bxf8 Rxf8 17.Rhe1 Nc5 18.Rd2 Rf5 19.Nf2 Ke7 20.Rde2 h5 
21.g4 hxg4 22.Nxg4 Rg5 23.Nf2 Rg2 24.Nxe4 Rxe2 25.Rxe2 Nxe4 26.Rxe4 Rc5 
27.Kd2 Rg5 28.c4 Rg2+ 29.Re2 Rg4 30.Kd3 Rf4 31.c5 Rf5 32.b4 Rf4 33.Re4 Rf2
34.h3 Rf3+ 35.Re3 Rf4 36.a3 Rf2 37.a4 Rf4 38.c4 Rf1 39.a5 Rb1 40.b5 Ra1 
41.Kd4 Rxa5 42.Rg3 Kf6 43.Rb3 Ra1 44.c6 bxc6 45.bxc6 Ke7 46.Kc5 Kd8 47.
Rb8+ Kc7 48.Rb7+ Kc8 49.Rxg7 Rh1 50.Kd6 Rd1+ 51.Kxe6 Re1+ 52.Kd6 Rd1+ 53.
Kc5 Rh1 54.Rh7 Rh2 55.h4 Rh1 56.Rxa7 1-0

[Event "26th EUR-ch"]
[Site "Katowice POL"]
[Date "2026.04.08"]
[Round "2.213"]
[White "Zieba, Franciszek"]
[Black "Iordache, Alexia-Andreea"]
[Result "0-1"]
[WhiteElo "1846"]
[BlackElo "2181"]
[EventDate "2026.04.07"]
[PlyCount "98"]

1.e4 c5 2.c3 Nf6 3.e5 Nd5 4.Bc4 Nb6 5.Bb3 d6 6.exd6 Qxd6 7.Na3 a6 8.Nf3 g6
9.O-O Bg7 10.h3 Nc6 11.Qe2 O-O 12.Bc2 h6 13.d3 Nd5 14.Nc4 Qc7 15.a4 b6 16.
Qd2 Bb7 17.Ne3 Nf6 18.Rd1 Rfd8 19.Rb1 b5 20.Qe2 b4 21.Bd2 a5 22.Rbc1 Ba6 
23.Nc4 Nd5 24.Bb1 e6 25.h4 Rab8 26.h5 g5 27.Nxg5 hxg5 28.Bxg5 Nce7 29.Qg4 
f5 30.Qh4 Rf8 31.h6 Bf6 32.Ne3 Kh7 33.c4 Bxg5 34.Qxg5 Rg8 35.Qh5 Nxe3 36.
Qf7+ Kxh6 37.Qxe6+ Ng6 38.Qxe3+ Qf4 39.Qh3+ Nh4 40.g3 Qg4 41.Qh2 Qh5 42.
Kf1 Nf3 43.Qxh5+ Kxh5 44.Kg2 Bb7 45.Kf1 Kg5 46.d4 cxd4 47.c5 Bc6 48.b3 
Rbe8 49.g4 f4 0-1

[Event "26th EUR-ch"]
[Site "Katowice POL"]
[Date "2026.04.08"]
[Round "2.214"]
[White "Panasiuk, Piotr"]
[Black "Latzke, Boris"]
[Result "1/2-1/2"]
[WhiteElo "1787"]
[BlackElo "2173"]
[EventDate "2026.04.07"]
[PlyCount "109"]

1.e4 e5 2.Nf3 Nc6 3.Bb5 a6 4.Ba4 Nf6 5.O-O Be7 6.Re1 b5 7.Bb3 d6 8.h3 Na5 
9.c3 Nxb3 10.axb3 Bb7 11.d3 O-O 12.Nbd2 Nd7 13.Nf1 f5 14.b4 Qe8 15.Qc2 Qg6
16.Ng3 fxe4 17.dxe4 Rae8 18.Bd2 Rf7 19.Qb3 Nf8 20.h4 Bc8 21.h5 Qg4 22.Nh2 
Qe6 23.Qxe6 Nxe6 24.Be3 Bg5 25.Bxg5 Nxg5 26.f3 Ref8 27.Red1 Rf4 28.Nhf1 
Rh4 29.Ne3 g6 30.hxg6 hxg6 31.Nd5 Rh7 32.Nf1 Ne6 33.Nd2 Nf4 34.Nxf4 Rxf4 
35.Nf1 Rfh4 36.Kf2 Rh1 37.Ne3 Rxd1 38.Rxd1 Kf8 39.Nd5 Bb7 40.Kg3 Rf7 41.
Ra1 c6 42.Ne3 Rh7 43.Kf2 Ke7 44.Rd1 Ke6 45.Nc2 Kd7 46.Na1 Kc7 47.Nb3 Bc8 
48.Ra1 Kb6 49.Rd1 Kc7 50.Nc1 Be6 51.Ne2 Rh8 52.Ra1 Kb6 53.Rd1 Kc7 54.Ra1 
Kb6 55.Rd1 1/2-1/2

[Event "26th EUR-ch"]
[Site "Katowice POL"]
[Date "2026.04.08"]
[Round "2.215"]
[White "Senel, Hayri Beyhun"]
[Black "Zielinski, Marcin"]
[Result "1-0"]
[WhiteElo "2172"]
[BlackElo "1784"]
[EventDate "2026.04.07"]
[PlyCount "79"]

1.d4 c6 2.c4 d5 3.Nc3 Nf6 4.e3 e6 5.Nf3 Nbd7 6.Qc2 Be7 7.b3 O-O 8.Bb2 h6 
9.Bd3 b6 10.O-O Bb7 11.cxd5 exd5 12.Ne2 Re8 13.Ng3 Bf8 14.Rac1 Rc8 15.Qb1 
Rc7 16.Rfd1 a5 17.a4 Qa8 18.Rd2 Nb8 19.Ne5 Ba6 20.Bf5 Bc8 21.Bd3 Ba6 22.
Bf5 Bc8 23.Rdc2 Bxf5 24.Nxf5 Ne4 25.Qa1 g6 26.Ng3 Rec8 27.Nxe4 dxe4 28.d5 
c5 29.Ng4 Nd7 30.Rd1 f5 31.d6 Rc6 32.Ne5 Nxe5 33.Bxe5 Rd8 34.d7 Re6 35.Bc7
Bg7 36.Bxd8 Bxa1 37.Bh4 g5 38.d8=Q+ Qxd8 39.Rxd8+ Kf7 40.Bg3 1-0

[Event "26th EUR-ch"]
[Site "Katowice POL"]
[Date "2026.04.08"]
[Round "2.216"]
[White "Babinska, Liwia"]
[Black "Krzywda, Andrzej"]
[Result "0-1"]
[WhiteElo "1763"]
[BlackElo "2172"]
[EventDate "2026.04.07"]
[PlyCount "168"]

1.e4 c5 2.Nf3 e6 3.d4 cxd4 4.Nxd4 Nc6 5.Nc3 a6 6.a3 Qc7 7.Be2 b5 8.O-O Bb7
9.Be3 Na5 10.f4 Nc4 11.Bc1 Rc8 12.Bxc4 Qxc4 13.Kh1 Nf6 14.Re1 h5 15.h3 h4 
16.Qd3 Be7 17.Be3 d6 18.Rad1 Nh5 19.e5 Qxd3 20.cxd3 dxe5 21.fxe5 Ng3+ 22.
Kh2 Rh5 23.Bf4 Rd8 24.Nc2 Rf5 25.Bxg3 hxg3+ 26.Kg1 Rf2 27.Re2 Rxe2 28.Nxe2
Be4 29.Ne1 Bc5+ 30.d4 Bg6 31.Nf3 Bb6 32.Nxg3 f6 33.Ne2 Be4 34.exf6 gxf6 
35.Kf1 e5 36.Re1 Bxf3 37.gxf3 Bxd4 38.Nxd4 Rxd4 39.Re2 Kd7 40.Kg2 Ke6 41.
Kg3 Rd3 42.Kg2 Kf5 43.Kf2 Rb3 44.Kg2 Rd3 45.Kf2 Rb3 46.Kg2 a5 47.Kf2 Kf4 
48.Re4+ Kf5 49.Re2 Kg5 50.Kg2 Kg6 51.Kg3 Rd3 52.Kf2 Kf5 53.Kg2 Ke6 54.Kg3 
Rb3 55.Kg2 Kd5 56.Rd2+ Ke6 57.Re2 f5 58.Kf2 Kf6 59.h4 Rd3 60.Kg2 f4 61.Kf2
Kf5 62.Re4 Rd8 63.Re1 Rh8 64.Rh1 Rh6 65.h5 Kg5 66.Re1 Re6 67.Rc1 Rd6 68.
Ke2 Rd5 69.Rh1 Kh6 70.Ke1 Rd3 71.Ke2 Rb3 72.Rc1 Rxb2+ 73.Ke1 Kxh5 74.Rc5 
Kh4 75.Rxe5 Kg3 76.a4 bxa4 77.Rxa5 Ra2 78.Rc5 Kxf3 79.Rc3+ Kg2 80.Rc4 Kg3 
81.Rc8 a3 82.Rg8+ Kf3 83.Ra8 Ra1+ 84.Kd2 a2 0-1

[Event "26th EUR-ch"]
[Site "Katowice POL"]
[Date "2026.04.08"]
[Round "2.217"]
[White "Kulich, Filip"]
[Black "Stawecki, Bartlomiej"]
[Result "1-0"]
[WhiteElo "2171"]
[BlackElo "1776"]
[EventDate "2026.04.07"]
[PlyCount "57"]

1.e4 c5 2.Nf3 Nc6 3.c3 e6 4.d4 d5 5.e5 Qb6 6.Bd3 cxd4 7.cxd4 Bd7 8.O-O 
Nxd4 9.Nbd2 Ne7 10.Nxd4 Qxd4 11.Nf3 Qa4 12.Qe2 a6 13.b3 Qa5 14.Bd2 Qd8 15.
Qe3 Bb5 16.Bxb5+ axb5 17.Nd4 Qd7 18.Qe2 Nc6 19.Nxb5 Nxe5 20.Bf4 f6 21.Bxe5
fxe5 22.Qh5+ Kd8 23.a4 g6 24.Qg5+ Qe7 25.Qe3 Ra6 26.Qxe5 Bg7 27.Qb8+ Kd7 
28.Qxb7+ Ke8 29.Qxa6 1-0

[Event "26th EUR-ch"]
[Site "Katowice POL"]
[Date "2026.04.08"]
[Round "2.218"]
[White "Krzeszewski, Filip"]
[Black "Sertbay, Huseyin"]
[Result "1-0"]
[WhiteElo "1759"]
[BlackElo "2171"]
[EventDate "2026.04.07"]
[PlyCount "53"]

1.e4 g6 2.d4 Bg7 3.Be3 d6 4.Nc3 a6 5.Qd2 b5 6.Bd3 Nd7 7.a4 b4 8.Nce2 a5 9.
Nf3 Bb7 10.O-O e6 11.Ng3 h5 12.Bg5 Qc8 13.Rfe1 f6 14.e5 dxe5 15.Bxg6+ Kf8 
16.dxe5 f5 17.Rad1 Nb6 18.Nd4 Bd5 19.Nxh5 Bh6 20.b3 Qd7 21.g4 Bxg5 22.Qxg5
Qe7 23.Nf6 fxg4 24.Qxg4 Qg7 25.Nxd5 Re8 26.Qf3+ Nf6 27.Qxf6+ 1-0

[Event "26th EUR-ch"]
[Site "Katowice POL"]
[Date "2026.04.08"]
[Round "2.219"]
[White "Tirpan, Ceren"]
[Black "Demiroz, Alp"]
[Result "1-0"]
[WhiteElo "2167"]
[BlackElo "1762"]
[EventDate "2026.04.07"]
[PlyCount "53"]

1.e4 c5 2.Nf3 e6 3.g3 Nc6 4.Bg2 d5 5.exd5 exd5 6.O-O Nf6 7.d4 cxd4 8.Nxd4 
Be7 9.Nc3 h6 10.Bf4 a6 11.Qd2 O-O 12.h3 g5 13.Be3 Ne5 14.Rad1 Ne4 15.Nxe4 
dxe4 16.Qe2 Qa5 17.Bd2 Qxa2 18.Qxe4 Ng6 19.Bc3 Bf6 20.Qf3 Bg7 21.Nb3 Qa4 
22.Bxg7 Kxg7 23.Qc3+ Kg8 24.Nc5 Qb5 25.Rfe1 Qb6 26.Ne4 f6 27.Rd6 1-0

[Event "26th EUR-ch"]
[Site "Katowice POL"]
[Date "2026.04.08"]
[Round "2.220"]
[White "Klementys, Jerzy"]
[Black "Gradalski, Olaf"]
[Result "0-1"]
[WhiteElo "1733"]
[BlackElo "2167"]
[EventDate "2026.04.07"]
[PlyCount "74"]

1.d4 e6 2.c4 b6 3.Nc3 Bb7 4.e4 Bb4 5.Bd3 f5 6.Qh5+ g6 7.Qe2 Nf6 8.f3 fxe4 
9.fxe4 Bxc3+ 10.bxc3 Nxe4 11.Bxe4 Qh4+ 12.Kd1 Qxe4 13.Nf3 O-O 14.Rf1 Qxe2+
15.Kxe2 Ba6 16.Nd2 Nc6 17.Rxf8+ Rxf8 18.Ke3 e5 19.Ba3 Re8 20.d5 Ne7 21.g4 
d6 22.Bb4 Bc8 23.Rg1 Rf8 24.a4 a5 25.Ba3 Bd7 26.h4 Rf4 27.Ne4 Kg7 28.h5 
Bxg4 29.hxg6 Nf5+ 30.Kd3 Be2+ 31.Kxe2 Rxe4+ 32.Kd3 Re3+ 33.Kd2 hxg6 34.Bc1
Rg3 35.Rh1 Rg2+ 36.Kd3 Ra2 37.Bg5 e4+ 0-1

[Event "26th EUR-ch"]
[Site "Katowice POL"]
[Date "2026.04.08"]
[Round "2.221"]
[White "Shpanko, Nadiia"]
[Black "Gospodarczyk, Wlodzimierz"]
[Result "1-0"]
[WhiteElo "2166"]
[BlackElo "1727"]
[EventDate "2026.04.07"]
[PlyCount "63"]

1.d4 d6 2.c4 Nd7 3.Nc3 e5 4.Nf3 Ngf6 5.Bg5 Be7 6.e3 exd4 7.Nxd4 h6 8.Bh4 
Ne5 9.Be2 O-O 10.O-O Nc6 11.Nxc6 bxc6 12.Bf3 Rb8 13.Bxc6 Rxb2 14.Nb5 a6 
15.Qd4 Rb4 16.a3 Rb3 17.Qd1 Rb2 18.Qc1 axb5 19.Qxb2 bxc4 20.Qb5 Be6 21.a4 
c3 22.Rac1 Qb8 23.Qxb8 Rxb8 24.Rxc3 Rb4 25.Bg3 Nh5 26.Rcc1 Nxg3 27.hxg3 
Bf5 28.e4 Bxe4 29.Bxe4 Rxe4 30.Rfe1 Rxe1+ 31.Rxe1 Bf6 32.Re8+ 1-0

[Event "26th EUR-ch"]
[Site "Katowice POL"]
[Date "2026.04.08"]
[Round "2.222"]
[White "Gawronski, Michal"]
[Black "Chojnacki, Slawomir"]
[Result "0-1"]
[WhiteElo "1717"]
[BlackElo "2166"]
[EventDate "2026.04.07"]
[PlyCount "90"]

1.d4 d5 2.Nf3 c6 3.Bf4 Qb6 4.Qc1 Nf6 5.e3 Bf5 6.c4 Bxb1 7.Rxb1 Qa5+ 8.Nd2 
e6 9.a3 Nbd7 10.b4 Qd8 11.c5 Nh5 12.Be5 f6 13.Qd1 fxe5 14.Qxh5+ g6 15.Qh3 
Qf6 16.Be2 a6 17.Bg4 Kf7 18.Nf3 Re8 19.Qg3 Bg7 20.O-O Rhf8 21.Ng5+ Kg8 22.
Qh3 Qxg5 23.Bxe6+ Rxe6 24.Qxe6+ Rf7 25.f4 exf4 26.exf4 Bxd4+ 27.Kh1 Qf5 
28.Qe2 h5 29.Rb3 Qe4 30.Qd2 Bg7 31.Re3 Qd4 32.Re8+ Rf8 33.Qe2 Nf6 34.Re7 
Qc4 35.Qxc4 dxc4 36.Rxb7 Nd5 37.Ra7 Rxf4 38.Re1 c3 39.Rxa6 c2 40.Ra8+ Kh7 
41.Rae8 Rc4 42.g3 c1=Q 43.Rxc1 Rxc1+ 44.Kg2 Rc2+ 45.Kh3 g5 0-1

[Event "26th EUR-ch"]
[Site "Katowice POL"]
[Date "2026.04.08"]
[Round "2.223"]
[White "Hnatyshyn, Anastasiia"]
[Black "Szczypka, Sebastian"]
[Result "1-0"]
[WhiteElo "2164"]
[BlackElo "1717"]
[EventDate "2026.04.07"]
[PlyCount "55"]

1.e4 c5 2.Nf3 d6 3.d4 cxd4 4.Nxd4 Nf6 5.Nc3 Nc6 6.Bg5 e6 7.Qd2 Be7 8.O-O-O
d5 9.exd5 Nxd5 10.Bxe7 Ncxe7 11.h4 a6 12.Nxd5 Nxd5 13.c4 Nf6 14.Qg5 Qc7 
15.Nf5 exf5 16.Qxg7 Qf4+ 17.Kb1 Rg8 18.Qxf6 Be6 19.Rh3 Qg4 20.Rhd3 Qxd1+ 
21.Rxd1 Rc8 22.h5 Rg4 23.f3 Rg8 24.Rd6 Rf8 25.Bd3 Rb8 26.Bxf5 Bxf5+ 27.
Qxf5 f6 28.Qe6# 1-0

[Event "26th EUR-ch"]
[Site "Katowice POL"]
[Date "2026.04.08"]
[Round "2.224"]
[White "Pilch, Anna"]
[Black "Bittner, Titus"]
[Result "0-1"]
[WhiteElo "1699"]
[BlackElo "2162"]
[EventDate "2026.04.07"]
[PlyCount "70"]

1.e4 c5 2.Nf3 Nc6 3.Bb5 g6 4.Bxc6 dxc6 5.c3 Nf6 6.e5 Nd5 7.O-O Bg7 8.Re1 
O-O 9.d4 cxd4 10.Nxd4 Qb6 11.Na3 c5 12.Nb3 Rd8 13.Qe2 Bf5 14.Nc4 Qb5 15.
Bd2 Nb6 16.Na3 Qxe2 17.Rxe2 Na4 18.Bf4 b6 19.Rae1 Rd7 20.Bc1 e6 21.h3 Bf8 
22.Rd2 Rad8 23.Rxd7 Rxd7 24.f3 Bd3 25.Kf2 c4 26.Nd4 Bxa3 27.bxa3 Nxc3 28.
Nc6 Nxa2 29.Bg5 c3 30.Ke3 c2 31.Kf2 Rc7 32.Nb4 c1=Q 33.Bxc1 Nxc1 34.Rd1 
Bb5 35.g4 a5 0-1

[Event "26th EUR-ch"]
[Site "Katowice POL"]
[Date "2026.04.08"]
[Round "2.225"]
[White "Wacior, Maciej"]
[Black "Truchel, Tomasz"]
[Result "1-0"]
[WhiteElo "2160"]
[BlackElo "1698"]
[EventDate "2026.04.07"]
[PlyCount "121"]

1.d4 d5 2.Bf4 Bf5 3.e3 e6 4.Bd3 Bd6 5.Bxd6 Qxd6 6.Bxf5 exf5 7.Qd3 g6 8.Nf3
Nf6 9.O-O O-O 10.c4 dxc4 11.Qxc4 Nbd7 12.Nc3 c6 13.Rfd1 Ne4 14.Rac1 Rfe8 
15.Qb3 Rab8 16.a4 Nxc3 17.bxc3 f4 18.c4 fxe3 19.fxe3 Qe6 20.Rc3 Nf6 21.
Rcd3 Re7 22.Rf1 Ne4 23.c5 Qxb3 24.Rxb3 Rd8 25.Rfb1 Rdd7 26.R1b2 f6 27.Nd2 
Nxd2 28.Rxd2 Kf7 29.Kf2 f5 30.a5 a6 31.Kf3 Kf6 32.h3 Kg5 33.g3 Kf6 34.g4 
Ke6 35.gxf5+ gxf5 36.Rg2 Rg7 37.Rbb2 Kf6 38.Rxg7 Rxg7 39.Rg2 Re7 40.Rg8 
Kf7 41.Rd8 Kf6 42.Rd6+ Re6 43.Kf4 h6 44.h4 Rxd6 45.cxd6 Ke6 46.d7 Kxd7 47.
Kxf5 b5 48.axb6 a5 49.Ke4 Kc8 50.Kd3 Kb7 51.e4 Kxb6 52.e5 Kc7 53.Kc4 Kd7 
54.Kb3 Ke6 55.Ka4 Kd5 56.Kxa5 c5 57.e6 Kxe6 58.dxc5 Kd7 59.Kb6 Kc8 60.c6 
Kb8 61.c7+ 1-0

[Event "26th EUR-ch"]
[Site "Katowice POL"]
[Date "2026.04.08"]
[Round "2.226"]
[White "Kozera, Patryk"]
[Black "Witczak, Borys"]
[Result "0-1"]
[WhiteElo "1694"]
[BlackElo "2160"]
[EventDate "2026.04.07"]
[PlyCount "50"]

1.e4 c5 2.Nf3 d6 3.d4 cxd4 4.Nxd4 Nf6 5.Nc3 a6 6.Bg5 Nbd7 7.f4 Qc7 8.Qf3 
h6 9.Bxf6 Nxf6 10.O-O-O Bg4 11.Qd3 Bxd1 12.Qxd1 g6 13.Bd3 Bg7 14.f5 g5 15.
Qe2 b5 16.Nf3 b4 17.Na4 Qc6 18.b3 Nd7 19.Nb2 Qc3 20.Nc4 Qa1+ 21.Kd2 Bc3+ 
22.Ke3 Qxh1 23.Kf2 g4 24.Ng1 Bd4+ 25.Ne3 Qxh2 0-1

[Event "26th EUR-ch"]
[Site "Katowice POL"]
[Date "2026.04.08"]
[Round "2.227"]
[White "Bialowas, Maria"]
[Black "Karut, Kacper"]
[Result "0-1"]
[WhiteElo "1671"]
[BlackElo "2159"]
[EventDate "2026.04.07"]
[PlyCount "58"]

1.e4 c5 2.Nf3 d6 3.d4 cxd4 4.Nxd4 Nf6 5.Nc3 Nc6 6.f3 e5 7.Nb3 Be7 8.Be3 
Be6 9.Qd2 O-O 10.O-O-O a5 11.a4 Nb4 12.g4 Rc8 13.g5 Nh5 14.Kb1 Qc7 15.Rc1 
b6 16.Be2 Rfd8 17.Nd5 Nxd5 18.exd5 Bf5 19.Bd3 Bd7 20.Qf2 Rb8 21.Qh4 g6 22.
f4 exf4 23.Bd4 b5 24.Be2 bxa4 25.Bxh5 axb3 26.cxb3 Qb7 27.Be2 Bf5+ 28.Ka1 
Qxb3 29.Bd1 Qxd5 0-1

[Event "26th EUR-ch"]
[Site "Katowice POL"]
[Date "2026.04.08"]
[Round "2.228"]
[White "Kovalskyi, Roman"]
[Black "Ciupek, Oskar"]
[Result "1-0"]
[WhiteElo "2159"]
[BlackElo "1682"]
[EventDate "2026.04.07"]
[PlyCount "111"]

1.d4 Nf6 2.c4 g6 3.Nf3 Bg7 4.g3 d6 5.Bg2 O-O 6.O-O Nbd7 7.Nc3 c6 8.Qc2 Qc7
9.Rd1 a5 10.b3 e5 11.dxe5 dxe5 12.Ba3 Re8 13.Bd6 Qb6 14.e4 h6 15.Na4 Qa7 
16.c5 Nh7 17.Bc7 Nhf8 18.Nb6 Nxb6 19.cxb6 Qa6 20.Bf1 Bg4 21.Bxa6 Rxa6 22.
Kg2 Ne6 23.h3 Bxf3+ 24.Kxf3 Nd4+ 25.Rxd4 exd4 26.e5 Raa8 27.Re1 Kh7 28.Qc4
Re6 29.Kg2 Rae8 30.Qxd4 f6 31.f4 f5 32.Qd2 R8e7 33.Qxa5 Rd7 34.Re2 g5 35.
Rd2 Rf7 36.Qa8 gxf4 37.gxf4 Rg6+ 38.Kf3 h5 39.Rg2 Rxg2 40.Kxg2 Bh6 41.Qxb7
Rg7+ 42.Kf3 h4 43.Qc8 Rg3+ 44.Kf2 Bxf4 45.Qxf5+ Kg7 46.Qxf4 Rg6 47.b7 c5 
48.a4 c4 49.e6 c3 50.Be5+ Kh7 51.Qf7+ Kh6 52.Bf4+ Rg5 53.e7 c2 54.e8=N 
c1=Q 55.Qg7+ Kh5 56.Qh7# 1-0

[Event "26th EUR-ch"]
[Site "Katowice POL"]
[Date "2026.04.08"]
[Round "2.229"]
[White "Rybackova, Lucie"]
[Black "Wolynski, Antoni"]
[Result "1-0"]
[WhiteElo "2157"]
[BlackElo "1669"]
[EventDate "2026.04.07"]
[PlyCount "77"]

1.e4 c5 2.Nf3 e6 3.d4 cxd4 4.Nxd4 a6 5.c4 Nf6 6.Nc3 Bb4 7.Qd3 d5 8.exd5 
exd5 9.Nc2 Bxc3+ 10.Qxc3 O-O 11.Be2 Ne4 12.Qd3 Qf6 13.O-O Rd8 14.cxd5 Bf5 
15.Ne3 Ng3 16.fxg3 Bxd3 17.Rxf6 Bxe2 18.Rb6 Ra7 19.Bd2 Rc8 20.Nf5 Rc2 21.
Bc3 f6 22.Nd4 Bd3 23.Nxc2 Bxc2 24.Rd6 Ra8 25.Rd8+ Kf7 26.Re1 Ba4 27.b3 Bb5
28.a4 Bd7 29.Bb4 Nc6 30.Rxd7+ Kg6 31.dxc6 bxc6 32.g4 c5 33.Ree7 cxb4 34.
Rxg7+ Kh6 35.h4 f5 36.Rg5 Rg8 37.Rxg8 fxg4 38.Rg5 g3 39.Rd6# 1-0

[Event "26th EUR-ch"]
[Site "Katowice POL"]
[Date "2026.04.08"]
[Round "2.230"]
[White "Janik, Albert"]
[Black "Balinski, Damian"]
[Result "0-1"]
[WhiteElo "1668"]
[BlackElo "2154"]
[EventDate "2026.04.07"]
[PlyCount "113"]

1.e4 g6 2.d4 Bg7 3.f4 d6 4.Nc3 Nd7 5.Nf3 e6 6.Be3 Ne7 7.Bd3 a6 8.a4 b6 9.
O-O Bb7 10.Ng5 h6 11.Nf3 f5 12.e5 d5 13.Qe1 c5 14.Qg3 Qc7 15.Bb5 Bc6 16.
Bxc6 Qxc6 17.h4 Rg8 18.a5 b5 19.dxc5 Nxc5 20.Nd4 Qc8 21.Qf2 Ne4 22.Nxe4 
dxe4 23.c4 bxc4 24.Rfc1 Nd5 25.Ra4 c3 26.bxc3 Bf8 27.Qd2 Rg7 28.Kh1 Rc7 
29.Ne2 Qd7 30.Ra2 Rac8 31.Rac2 Qa4 32.Nd4 Qd7 33.Ne2 Rc4 34.Rd1 Qd8 35.Qe1
Qxa5 36.Qg3 Kf7 37.h5 gxh5 38.Qh3 h4 39.Qxh4 Qd8 40.Qh5+ Kg7 41.Nd4 Rxd4 
42.Bxd4 Nxf4 43.Bb6 Qe7 44.Qh2 Nd5 45.Bd4 Rc4 46.Re1 Qb7 47.Bf2 Be7 48.Bh4
e3 49.Bxe7 Qxe7 50.g3 Qc7 51.Qh5 Qxe5 52.Rh2 Qf6 53.Rg1 Qg6 54.Qe2 Qg4 55.
Qf1 Qe4+ 56.Rhg2 Nf6 57.Qd1 0-1

[Event "26th EUR-ch"]
[Site "Katowice POL"]
[Date "2026.04.08"]
[Round "2.231"]
[White "Lorscheid, Gerhard"]
[Black "Krawczyk, Marcin"]
[Result "1-0"]
[WhiteElo "2150"]
[BlackElo "1663"]
[EventDate "2026.04.07"]
[PlyCount "85"]

1.Nf3 Nf6 2.c4 g6 3.b3 Bg7 4.Bb2 O-O 5.g3 d5 6.Bg2 c6 7.O-O Bf5 8.d3 Re8 
9.Nbd2 Nbd7 10.Qc2 e5 11.e4 Bg4 12.h3 Bxf3 13.Nxf3 d4 14.Bc1 Bf8 15.a3 a5 
16.Rb1 c5 17.Kh1 Nb8 18.Ng1 Nc6 19.f4 Nd7 20.Qf2 Ra6 21.h4 Bg7 22.Bh3 Rf8 
23.f5 Qe8 24.Nf3 Nf6 25.Bd2 Qe7 26.Rg1 Nh5 27.Qe2 Rb6 28.Nh2 Bf6 29.Qf3 
Kh8 30.g4 Nf4 31.g5 Bg7 32.f6 Bxf6 33.gxf6 Qxf6 34.Rg5 Kg7 35.Ng4 Qd6 36.
Bxf4 exf4 37.Rd5 Qe7 38.h5 a4 39.Qxf4 Rd8 40.Rf1 Kh8 41.Nf6 Na5 42.bxa4 
Rxd5 43.Nxd5 1-0

[Event "26th EUR-ch"]
[Site "Katowice POL"]
[Date "2026.04.08"]
[Round "2.232"]
[White "Domoradzki, Tomasz"]
[Black "Zareba, Piotr"]
[Result "0-1"]
[WhiteElo "1662"]
[BlackElo "2143"]
[EventDate "2026.04.07"]
[PlyCount "75"]

1.d4 Nf6 2.Nf3 e6 3.c4 d5 4.e3 b6 5.cxd5 exd5 6.Nc3 a6 7.Qc2 Bd6 8.g3 Nbd7
9.Bg2 Bb7 10.O-O O-O 11.b3 c5 12.Bb2 Rc8 13.Rac1 Re8 14.Qb1 c4 15.Nd2 b5 
16.bxc4 bxc4 17.e4 dxe4 18.Ncxe4 Nxe4 19.Nxe4 Bxe4 20.Bxe4 Nf6 21.Bf5 Rb8 
22.Qc2 h6 23.Rfe1 Nd5 24.Qxc4 Rxe1+ 25.Rxe1 Ne7 26.Rxe7 Qxe7 27.Bc3 Bb4 
28.Bxb4 Qxb4 29.Qxa6 Qxd4 30.Bd3 g6 31.Qc4 Qf6 32.Qc5 Qa1+ 33.Kg2 Qxa2 34.
Bc4 Qd2 35.Qc7 Rf8 36.Qb7 Qd4 37.Bd5 Qf6 38.Bf3 0-1

[Event "26th EUR-ch"]
[Site "Katowice POL"]
[Date "2026.04.08"]
[Round "2.233"]
[White "Helis, Tadeusz"]
[Black "Tendera, Jan"]
[Result "1-0"]
[WhiteElo "2141"]
[BlackElo "1630"]
[EventDate "2026.04.07"]
[PlyCount "40"]

1.d4 Nf6 2.Nf3 e6 3.Bg5 d5 4.e3 h6 5.Bh4 Be7 6.Nbd2 O-O 7.Bd3 b6 8.Qe2 
Nbd7 9.O-O-O c5 10.c3 c4 11.Bc2 b5 12.Ne5 Qb6 13.e4 b4 14.exd5 bxc3 15.
Ndxc4 cxb2+ 16.Kb1 Qb4 17.Nc6 Qb5 18.Nxe7+ Kh8 19.Qd3 exd5 20.Nd6 Qb7 1-0

[Event "26th EUR-ch"]
[Site "Katowice POL"]
[Date "2026.04.08"]
[Round "2.234"]
[White "Babczynski, Zbigniew"]
[Black "Zadrapova, Amalie"]
[Result "0-1"]
[WhiteElo "1622"]
[BlackElo "2139"]
[EventDate "2026.04.07"]
[PlyCount "62"]

1.d4 Nf6 2.c4 g6 3.Nc3 Bg7 4.e4 d6 5.f3 O-O 6.Be3 a6 7.Nge2 c6 8.a4 Qa5 9.
Nc1 Nbd7 10.Be2 Rb8 11.Nd3 Qc7 12.Rc1 c5 13.d5 Ne5 14.Nxe5 dxe5 15.O-O Ne8
16.f4 Nd6 17.Qe1 f5 18.Qh4 Bf6 19.Qg3 Nf7 20.Bd3 Kh8 21.Rf3 Nh6 22.fxe5 
Bxe5 23.Qh4 Ng4 24.Rh3 h5 25.Ne2 Nxe3 26.Rxe3 f4 27.Rh3 Bxh3 28.Qxh3 Qc8 
29.Qf3 Qg4 30.Qf2 f3 31.Ng3 Bd4 0-1

[Event "26th EUR-ch"]
[Site "Katowice POL"]
[Date "2026.04.08"]
[Round "2.235"]
[White "Luba, Lukasz"]
[Black "Zyznowski, Adam"]
[Result "1-0"]
[WhiteElo "2138"]
[BlackElo "1599"]
[EventDate "2026.04.07"]
[PlyCount "23"]

1.d4 d5 2.Nf3 Nf6 3.h3 c5 4.e3 Nc6 5.c3 e6 6.Bd3 Bd6 7.Nbd2 a6 8.O-O O-O 
9.e4 dxe4 10.Nxe4 cxd4 11.Nxf6+ Qxf6 12.Bg5 1-0